000 00582nam a2200205Ia 4500
005 20250508151044.0
008 008 250505s9999 xx 000 0 eng d
037 _aTextual
040 _aFEDL
_beng
_cFEDL
041 _aeng
_2eng
084 _a150.195, JAC
_qFEDL
100 _aJacobi Jolande
245 0 _aPsychology of C. G. Jung: An introduction with illustrations
260 _aLondon, UK
_bRoutledge and Kegan Paul Limited
300 _a204p
365 _aINR
_b10
650 _aPsychology
942 _cTEXL
_h150.195, JAC
999 _c1327302
_d1327302